Network troubleshooting tools

This book isn't just about the tools available for troubleshooting common network problems. It also outlines a systematic approach to network troubleshooting: how to document your network so you know how it behaves under normal conditions, and how to think about problems when they arise, so you...

ver descrição completa

Na minha lista:
Detalhes bibliográficos
Autor principal: Sloan, Joseph D.
Formato: Livro
Idioma:Undetermined
Publicado em: Sebastopol, CA O’Reilly & associates 2001
Assuntos:
Tags: Adicionar Tag
Sem tags, seja o primeiro a adicionar uma tag!
Thư viện lưu trữ: Trung tâm Học liệu Trường Đại học Cần Thơ
LEADER 01090nam a2200241Ia 4500
001 CTU_146769
008 210402s9999 xx 000 0 und d
020 |c 728838 
082 |a 004.6 
082 |b S634 
100 |a Sloan, Joseph D. 
245 0 |a Network troubleshooting tools 
245 0 |c Joseph D. Sloan 
260 |a Sebastopol, CA 
260 |b O’Reilly & associates 
260 |c 2001 
520 |a This book isn't just about the tools available for troubleshooting common network problems. It also outlines a systematic approach to network troubleshooting: how to document your network so you know how it behaves under normal conditions, and how to think about problems when they arise, so you can solve them more effectively.Understanding your network... 
526 |a Giải quyết sự cố mạng 
526 |b CT344 
650 |a Computer networks,Phục hồi và bảo dưỡng mạng máy tính,Computer networks 
650 |x Maintenance and repair.,Management 
904 |i Chuyên 
980 |a Trung tâm Học liệu Trường Đại học Cần Thơ